Statistics for NFL MVP by Position

Click here to take the quiz!

General Stats

  • This quiz has been taken 986 times
  • The average score is 13 of 27

Answer Stats

PositionTeamAnswer% Correct
QBPatriotsTom Brady
100%
WRLionsCalvin Johnson Jr.
80%
WRSteelersAntonio Brown
77%
TEPatriotsRob Gronkowski
74%
DETexansJ.J Watt
67%
WRCowboysDez Bryant
66%
CBSeahawksRichard Sherman
66%
TESaintsJimmy Graham
64%
SSeahawksEarl Thomas
63%
OTBrownsJoe Thomas
63%
LBBroncosVon Miller
62%
DTLionsNdamukong Suh
57%
LBPanthersLuke Kuechly
55%
RBCowboysDemarco Murray
54%
SSeahawksKam Chancellor
51%
CSteelersMaurkice Pouncey
42%
PColtsPat McAfee
36%
KPatriotsStephen Gostkowski
34%
CBPatriotsDarrelle Revis
33%
DTBucsGerald McCoy
28%
LBChiefsJustin Houston
28%
OT49ersJoe Staley
24%
DERamsRobert Quinn
20%
CBDolphinsBrent Grimes
17%
FBRaidersMarcel Reece
16%
OGSaintsJahri Evans
8%
OGEaglesEvan Mathis
6%

Score Distribution

Percentile by Number Answered

Percent of People with Each Score

Your Score History

You have not taken this quiz